<?xml version="1.0" encoding="UTF-8"?>
<record
    xmlns:xsi="http://www.w3.org/2001/XMLSchema-instance"
    xsi:schemaLocation="http://www.loc.gov/MARC21/slim http://www.loc.gov/standards/marcxml/schema/MARC21slim.xsd"
    xmlns="http://www.loc.gov/MARC21/slim">

  <leader>01695nam2a2200253   4500</leader>
  <controlfield tag="001">rc\2884301</controlfield>
  <controlfield tag="005">20260315052505.0</controlfield>
  <datafield tag="035" ind1=" " ind2=" ">
    <subfield code="a">(NLR Aleph) 007036984</subfield>
  </datafield>
  <datafield tag="090" ind1=" " ind2=" ">
    <subfield code="a">13585991</subfield>
    <subfield code="c">13585991</subfield>
  </datafield>
  <datafield tag="100" ind1=" " ind2=" ">
    <subfield code="a">20110722d1932    u  y0rusy50      ca</subfield>
  </datafield>
  <datafield tag="101" ind1="0" ind2=" ">
    <subfield code="a">rus</subfield>
  </datafield>
  <datafield tag="102" ind1=" " ind2=" ">
    <subfield code="a">RU</subfield>
  </datafield>
  <datafield tag="105" ind1=" " ind2=" ">
    <subfield code="a">y   z   |||||</subfield>
  </datafield>
  <datafield tag="200" ind1="0" ind2=" ">
    <subfield code="a">&#x41F;&#x438;&#x441;&#x44C;&#x43C;&#x43E; &#x2116; 3</subfield>
    <subfield code="e">&#x41C;&#x435;&#x442;&#x43E;&#x434;&#x438;&#x447;&#x435;&#x441;&#x43A;&#x43E;&#x435; &#x434;&#x43E;&#x43F;&#x43E;&#x43B;&#x43D;&#x435;&#x43D;&#x438;&#x435; &#x43A; "&#x41F;&#x440;&#x430;&#x43A;&#x442;&#x438;&#x447;&#x435;&#x441;&#x43A;&#x43E;&#x43C;&#x443; &#x440;&#x443;&#x43A;&#x43E;&#x432;&#x43E;&#x434;&#x441;&#x442;&#x432;&#x443; &#x43F;&#x43E; &#x43F;&#x440;&#x438;&#x435;&#x43C;&#x443; &#x438; &#x445;&#x440;&#x430;&#x43D;&#x435;&#x43D;&#x438;&#x44E; &#x437;&#x435;&#x440;&#x43D;&#x430; &#x421;.&#x42D;. &#x413;&#x440;&#x443;&#x431;&#x435;"</subfield>
    <subfield code="f">&#x421;&#x43E;&#x441;&#x442;&#x430;&#x432;&#x438;&#x43B; &#x410;.&#x41D;. &#x420;&#x443;&#x43A;&#x43E;&#x441;&#x443;&#x435;&#x432;</subfield>
  </datafield>
  <datafield tag="210" ind1=" " ind2=" ">
    <subfield code="d">[1932]</subfield>
  </datafield>
  <datafield tag="215" ind1=" " ind2=" ">
    <subfield code="a">4 &#x441;.</subfield>
  </datafield>
  <datafield tag="461" ind1=" " ind2="0">
    <subfield code="1">001rc\2884300</subfield>
    <subfield code="1">2001#$a&#x422;&#x43E;&#x432;&#x430;&#x440;&#x43E;&#x432;&#x435;&#x434;&#x435;&#x43D;&#x438;&#x435;$e&#x41A;&#x443;&#x440;&#x441;&#x44B; &#x43F;&#x43E; &#x43F;&#x43E;&#x434;&#x433;&#x43E;&#x442;&#x43E;&#x432;&#x43A;&#x435; &#x440;&#x430;&#x439;&#x438;&#x43D;&#x441;&#x43F;&#x435;&#x43A;&#x442;&#x43E;&#x440;&#x43E;&#x432; &#x434;&#x43B;&#x44F; &#x441;&#x438;&#x441;&#x442;&#x435;&#x43C;&#x44B; "&#x417;&#x430;&#x433;&#x43E;&#x442;&#x437;&#x435;&#x440;&#x43D;&#x43E;"$v&#x41F;&#x438;&#x441;&#x44C;&#x43C;&#x43E; &#x2116; 3</subfield>
    <subfield code="9">6059538</subfield>
    <subfield code="a">&#x41C;&#x43E;&#x441;&#x43A;&#x43E;&#x432;&#x441;&#x43A;&#x438;&#x439; &#x438;&#x43D;&#x441;&#x442;&#x438;&#x442;&#x443;&#x442; &#x43D;&#x430;&#x440;&#x43E;&#x434;&#x43D;&#x43E;&#x433;&#x43E; &#x445;&#x43E;&#x437;&#x44F;&#x439;&#x441;&#x442;&#x432;&#x430; &#x438;&#x43C;. &#x413;.&#x412;. &#x41F;&#x43B;&#x435;&#x445;&#x430;&#x43D;&#x43E;&#x432;&#x430;. &#x421;&#x435;&#x43A;&#x442;&#x43E;&#x440; &#x437;&#x430;&#x43E;&#x447;&#x43D;&#x43E;&#x433;&#x43E; &#x43E;&#x431;&#x443;&#x447;&#x435;&#x43D;&#x438;&#x44F;</subfield>
    <subfield code="c">[&#x41C;&#x43E;&#x441;&#x43A;&#x432;&#x430;]</subfield>
    <subfield code="d">[1932]-[1933]</subfield>
    <subfield code="n">&#x417;&#x430;&#x43E;&#x447;. &#x441;&#x435;&#x43A;&#x442;&#x43E;&#x440; &#x418;&#x41D;&#x425; &#x438;&#x43C;. &#x41F;&#x43B;&#x435;&#x445;&#x430;&#x43D;&#x43E;&#x432;&#x430;</subfield>
    <subfield code="o">&#x41A;&#x443;&#x440;&#x441;&#x44B; &#x43F;&#x43E; &#x43F;&#x43E;&#x434;&#x433;&#x43E;&#x442;&#x43E;&#x432;&#x43A;&#x435; &#x440;&#x430;&#x439;&#x438;&#x43D;&#x441;&#x43F;&#x435;&#x43A;&#x442;&#x43E;&#x440;&#x43E;&#x432; &#x434;&#x43B;&#x44F; &#x441;&#x438;&#x441;&#x442;&#x435;&#x43C;&#x44B; "&#x417;&#x430;&#x433;&#x43E;&#x442;&#x437;&#x435;&#x440;&#x43D;&#x43E;"</subfield>
    <subfield code="t">&#x422;&#x43E;&#x432;&#x430;&#x440;&#x43E;&#x432;&#x435;&#x434;&#x435;&#x43D;&#x438;&#x435;</subfield>
    <subfield code="v">&#x41F;&#x438;&#x441;&#x44C;&#x43C;&#x43E; &#x2116; 3</subfield>
  </datafield>
  <datafield tag="464" ind1=" " ind2="0">
    <subfield code="1">2001#$a&#x41F;&#x440;&#x430;&#x43A;&#x442;&#x438;&#x447;&#x435;&#x441;&#x43A;&#x43E;&#x435; &#x440;&#x443;&#x43A;&#x43E;&#x432;&#x43E;&#x434;&#x441;&#x442;&#x432;&#x43E; &#x43F;&#x43E; &#x43F;&#x440;&#x438;&#x435;&#x43C;&#x443; &#x438; &#x445;&#x440;&#x430;&#x43D;&#x435;&#x43D;&#x438;&#x44E; &#x437;&#x435;&#x440;&#x43D;&#x430;</subfield>
    <subfield code="1">700#1$a&#x413;&#x440;&#x443;&#x431;&#x435;$b&#x421;.&#x42D;.$g&#x421;&#x435;&#x440;&#x433;&#x435;&#x439; &#x42D;&#x434;&#x443;&#x430;&#x440;&#x434;&#x43E;&#x432;&#x438;&#x447;$4070</subfield>
    <subfield code="t">&#x41F;&#x440;&#x430;&#x43A;&#x442;&#x438;&#x447;&#x435;&#x441;&#x43A;&#x43E;&#x435; &#x440;&#x443;&#x43A;&#x43E;&#x432;&#x43E;&#x434;&#x441;&#x442;&#x432;&#x43E; &#x43F;&#x43E; &#x43F;&#x440;&#x438;&#x435;&#x43C;&#x443; &#x438; &#x445;&#x440;&#x430;&#x43D;&#x435;&#x43D;&#x438;&#x44E; &#x437;&#x435;&#x440;&#x43D;&#x430;</subfield>
    <subfield code="a">&#x413;&#x440;&#x443;&#x431;&#x435;, &#x421;&#x435;&#x440;&#x433;&#x435;&#x439; &#x42D;&#x434;&#x443;&#x430;&#x440;&#x434;&#x43E;&#x432;&#x438;&#x447;</subfield>
  </datafield>
  <datafield tag="702" ind1=" " ind2="1">
    <subfield code="a">&#x420;&#x443;&#x43A;&#x43E;&#x441;&#x443;&#x435;&#x432;</subfield>
    <subfield code="b">&#x410;.&#x41D;.</subfield>
    <subfield code="4">220</subfield>
  </datafield>
  <datafield tag="801" ind1=" " ind2="0">
    <subfield code="a">RU</subfield>
    <subfield code="b">NLR</subfield>
    <subfield code="g">psbo</subfield>
  </datafield>
  <datafield tag="801" ind1=" " ind2="1">
    <subfield code="a">RU</subfield>
    <subfield code="b">ELAR</subfield>
    <subfield code="2">rusmarc</subfield>
  </datafield>
  <datafield tag="852" ind1=" " ind2=" ">
    <subfield code="a">NLR</subfield>
    <subfield code="j">33-18/165(3)</subfield>
  </datafield>
  <datafield tag="942" ind1=" " ind2=" ">
    <subfield code="c">UNSPEC</subfield>
  </datafield>
  <datafield tag="980" ind1=" " ind2=" ">
    <subfield code="a">NB</subfield>
  </datafield>
</record>
